000 00894nam a2200277 i 4500
001 000011825
003 DO-SdBNP
005 20240412074228.0
008 091028s1986 dr a 000 j spa d
040 _aDO-SdBNP
_bspa
_cBNPHU
_erda
082 4 _aRD863.44
_bB716v 1986
_222
100 1 _aBonnelly de Díaz, Aída,
_d1926-2013.
_927991
_eautor
245 1 0 _aVariaciones /
_cAída Bonnelly de Díaz.
250 _a2a edición
264 _aSanto Domingo :
_bEdiciones de Taller,
_c1986.
300 _a127 páginas :
_bilustraciones ;
_c21 cm.
336 _2rdacontent
_atexto
_btxt
337 _2rdamedia
_asin mediación
_bn
338 _2rdacarrier
_avolumen
_bnc
490 0 _aBiblioteca Taller
_v201
590 _aInventariado, 2020 /LP
650 0 _aCuentos dominicanos
_9176
650 0 _aLiteratura dominicana.
_967
910 _aValidado. Control de calidad BNPHU
942 _2ddc
_cLBS1
999 _c11499
_d11499